| 000 | 00901cam a22003018a 4500 | ||
|---|---|---|---|
| 001 | 4847104 | ||
| 005 | 20200421093824.0 | ||
| 008 | 120321s2012 cc 000 0 eng|d | ||
| 015 |
_aGBB231596 _2bnb |
||
| 020 |
_a9781449316389 (pbk.) : _c£26.99 |
||
| 020 |
_a1449316387 (pbk.) : _c£26.99 |
||
| 035 | _a(Uk)016057990 | ||
| 035 | _a2692166 | ||
| 040 |
_aStDuBDS _beng _cStDuBDS |
||
| 082 | 0 | 4 |
_a005.1 _223 |
| 100 | 1 |
_aLoeliger, Jon. _9488 |
|
| 245 | 1 | 0 |
_aVersion control with Git / _cJon Loeliger and Matthew McCullough. |
| 250 | _a2nd ed. | ||
| 260 |
_aBeijing ; _aFarnham : _bO'Reilly, _c2012. |
||
| 263 | _a201207 | ||
| 300 |
_a1 v. ; _c24 cm. |
||
| 500 | _aOriginally published: Beijing: O'Reilly, 2009. | ||
| 630 | 0 | 0 |
_aGit (Computer file) _9489 |
| 650 | 0 |
_aSoftware engineering. _9490 |
|
| 650 | 0 |
_aOpen source software. _9491 |
|
| 700 | 1 |
_aMcCullough, Matthew. _9492 |
|
| 942 |
_2ddc _cBK |
||
| 999 |
_c257 _d257 |
||